El Ingenioso Hidalgo Don Quijote de la Mancha (Record no. 2529)

MARC details
000 -CABECERA
campo de control de longitud fija 01965nam a2200313 a 4500
001 - NÚMERO DE CONTROL
campo de control BRCA_2789
005 - FECHA Y HORA DE LA ÚLTIMA TRANSACCIÓN
campo de control 20190320203953.0
008 - DATOS DE LONGITUD FIJA--INFORMACIÓN GENERAL
campo de control de longitud fija 081208s1905----sp-a---###---#000-0#spa-u
041 ## - CÓDIGO DE LENGUA
Código de lengua del texto/banda sonora o título independiente spa
044 ## - CÓDIGO DEL PAÍS DE LA ENTIDAD EDITORA/PRODUCTORA
Código MARC del país sp
084 ## - OTRO NÚMERO DE CLASIFICACIÓN
Número de clasificación 250
Número de documento/Ítem .S47
-- 1905
100 1# - ENTRADA PRINCIPAL--NOMBRE DE PERSONA
Nombre de persona Cervantes Saavedra, Miguel de
Fechas asociadas al nombre 1547-1616
9 (RLIN) 213
245 10 - MENCIÓN DE TÍTULO
Título El Ingenioso Hidalgo Don Quijote de la Mancha
Mención de responsabilidad, etc. compuesto por Miguel de Cervantes Saavedra.
250 ## - MENCIÓN DE EDICIÓN
Mención de edición 3
260 ## - PUBLICACIÓN, DISTRIBUCIÓN, ETC.
Lugar de publicación, distribución, etc. Barcelona
Nombre del editor, distribuidor, etc. Francisco Seix
Fecha de publicación, distribución, etc. 1905
300 ## - DESCRIPCIÓN FÍSICA
Extensión 2 v.
Otras características físicas il. (a color)
Dimensiones 23 cm.
500 ## - NOTA GENERAL
Nota general Contenido : v 1. Primera parte. Dedicatoria del editor A. S. M. Rey Don Adolfo XIII. Proemio de J. Ma. Asensio. Facsímiles de algunos documentos autografos de Cervantes. Reproducción fotográfica de las anotaciones puestas por un lector del siglo XVII en un ejemplar de la segunda edición del Quijote impresa en 1605. Preliminares. Texto. -- v 2. Segunda parte. Preliminares. Texto
500 ## - NOTA GENERAL
Nota general Edición : Lujosa edición con un proemio del Sr. D. Jose Ma. Asensio. Ilustraciones de José Moreno Carbonero y Laureano Barrau. Cabeceras iniciales policromadas, de diferentes artistas
500 ## - NOTA GENERAL
Nota general Copia de la edición publicada por el mismo editor, en 1898, sin más diferencia que llevar el tomo I de la presente, una reproducción fotográfica de las anotaciones puestas por un lector de principios del siglo XVII, en un ejemplar de la segunda edición del Quijote (1605). Semitela; lomos y planos profusamente decorados con adornos dorados y de otros colores Lúdovik Osterc
500 ## - NOTA GENERAL
Nota general Estado físico : En la portada viene el nombre de Soledad Gómez
500 ## - NOTA GENERAL
Nota general QM1099
650 14 - PUNTO DE ACCESO ADICIONAL DE MATERIA--TÉRMINO DE MATERIA
Término de materia o nombre geográfico como elemento de entrada Novela española
Subdivisión cronológica Época clásica, 1500-1700
9 (RLIN) 215
650 14 - PUNTO DE ACCESO ADICIONAL DE MATERIA--TÉRMINO DE MATERIA
Término de materia o nombre geográfico como elemento de entrada Literatura española
Subdivisión cronológica Época clásica, 1500-1700
9 (RLIN) 216
650 14 - PUNTO DE ACCESO ADICIONAL DE MATERIA--TÉRMINO DE MATERIA
Término de materia o nombre geográfico como elemento de entrada Novela española
Subdivisión cronológica Siglo XVII
9 (RLIN) 217
650 14 - PUNTO DE ACCESO ADICIONAL DE MATERIA--TÉRMINO DE MATERIA
Término de materia o nombre geográfico como elemento de entrada Don Quijote (Personaje ficticio)
Término indicativo de función/relación Novela
9 (RLIN) 218
740 0# - PUNTO DE ACCESO ADICIONAL--TÍTULO RELACIONADO O ANALÍTICO NO CONTROLADO
Título relacionado o analítico no controlado El Ingenioso Hidalgo Don Quijote de la Mancha
902 ## - CATALOGADOR
Iniciales QFM
942 ## - ELEMENTOS DE PUNTO DE ACCESO ADICIONAL (KOHA)
Fuente del sistema de clasificación o colocación Library of Congress Classification
Tipo de ítem Koha Libros
Holdings
Estado de retiro Estado de pérdida Estado dañado No para préstamo Localización permanente Ubicación/localización actual Fecha de adquisición Número de inventario Total de préstamos Signatura topográfica completa Código de barras Fecha visto por última vez Precio válido a partir de Tipo de ítem Koha
El ejemplar forma parte de la colección y puede ser consultado según las políticas vigentes.       Biblioteca del Museo Franz Mayer (Rogerio Casas-Alatriste) Biblioteca del Museo Franz Mayer (Rogerio Casas-Alatriste) 08/12/2008 QM1099   250 .S47 1905 (QM1099) 2786 22/03/2019 22/03/2019 Libros